Statistiken für Buchstabenrätsel

Klicken Sie hier um das Quiz zu spielen!

Allgemein

  • Dieses Quiz wurde 1.931 mal gespielt
    (1.799 seit der letzten Aktualisierung)
  • Das Durchschnittsergebnis liegt bei 23 aus 24

Antwortstatistiken

TippAntwort% Korrekt
man schläft imBett
99%
Vögel bauen einNest
99%
Ernie und ...Bert
98%
freundlichnett
98%
Größtes Organ des MenschenHaut
97%
nicht leiselaut
97%
Grundlage von PopcornMais
97%
Mund eines TieresMaul
97%
Feier/PartyFest
96%
GebäudeHaus
96%
Eine Fahne hängt amMast
96%
knapp nicht geschafftfast
95%
ein Nichtstuer istfaul
95%
kleines TierMaus
95%
StraßengebührMaut
95%
besitzanzeigendes Pronomenmein
95%
KörperteilBein
94%
Fluss in DeutschlandMain
94%
Nichts/Niemandkein
93%
Gedicht mit ähnlich klingenden WortenReim
93%
KrankheitsüberträgerKeim
91%
Schweres GepäckLast
91%
EileHast
86%
Französisch: müssenfaut
82%

Verteilung der Resultate

Perzentil nach korrekt beantworteten Fragen

Anzahl Personen mit jedem Resultat

Ihre Resultats-Entwicklung

Sie haben dieses Quiz seit der letzten Aktualisierung nicht gespielt